Estadísticas para Medallero de los Juegos Olímpicos de 2020

Haz click aquí para intentar la prueba.

Estadísticas generales

  • Esta prueba ha sido intentada 874 veces
  • La puntuación promedio es 17 de 21

Estadísticas de respuestas

OPBMedallasPaís / Equipo% Correcto
394133113Estados Unidos
100%
38321888China
99%
20282371Comité Olímpico Ruso (ROC)
97%
38617España
97%
10121133Francia
97%
27141758Japón
97%
10111637Alemania
95%
10102040Italia
95%
76821Brasil
94%
761124Canadá
92%
1772246Australia
90%
22212265Reino Unido
90%
641020Corea del Sur
86%
10121436Países Bajos
74%
45514Polonia
74%
76720Nueva Zelanda
66%
34613Suiza
66%
161219Ucrania
62%
22913Turquía
61%
73515Cuba
57%
67720Hungría
49%

Distribución de puntuación

Porcentaje por número respondido

Porcentaje de gente con cada puntuación

Historial de tus puntuaciones

No has intentado esta prueba.